Vận dụng sáng tạo tư tưởng Hồ Chí Minh vào công tác bồi dưỡng, giáo dục và tổ chức thanh niên trong thời kỳ mới
Sách giới thiệu các nội dung: tư tưởng Hồ Chí Minh về công tác giáo dục, tổ chức thanh niên gắn với việc bồi dưỡng thế hệ cách mạng cho đời sau; Đảng, nhà nước với trọng trách chăm lo, bồi dưỡng đội ngũ kế tục trung thành với sự...
Сохранить в:
| Главный автор: | |
|---|---|
| Формат: | |
| Язык: | Undetermined |
| Опубликовано: |
Hà Nội
Thanh niên
2010
|
| Предметы: | |
| Метки: |
Добавить метку
Нет меток, Требуется 1-ая метка записи!
|
| Thư viện lưu trữ: | Trung tâm Học liệu Trường Đại học Cần Thơ |
|---|
| LEADER | 01347nam a2200205Ia 4500 | ||
|---|---|---|---|
| 001 | CTU_157464 | ||
| 008 | 210402s9999 xx 000 0 und d | ||
| 020 | |c 298000 | ||
| 082 | |a 305.23 | ||
| 082 | |b A107 | ||
| 100 | |a Nguyễn, Thái Anh | ||
| 245 | 0 | |a Vận dụng sáng tạo tư tưởng Hồ Chí Minh vào công tác bồi dưỡng, giáo dục và tổ chức thanh niên trong thời kỳ mới | |
| 245 | 0 | |c Nguyễn Thái Anh chủ biên | |
| 260 | |a Hà Nội | ||
| 260 | |b Thanh niên | ||
| 260 | |c 2010 | ||
| 520 | |a Sách giới thiệu các nội dung: tư tưởng Hồ Chí Minh về công tác giáo dục, tổ chức thanh niên gắn với việc bồi dưỡng thế hệ cách mạng cho đời sau; Đảng, nhà nước với trọng trách chăm lo, bồi dưỡng đội ngũ kế tục trung thành với sự nghiệp cách mạng vẻ vang của Đảng Cộng Sản Việt Nam; Vận dụng sáng tạo tư tưởng Hồ Chí Minh vào công tác bồi dưỡng giáo dục và tổ chức thanh niên trong thời kỳ mới | ||
| 650 | |a Communism and youth,Giáo dục thanh niên | ||
| 910 | |a Nguyên | ||
| 980 | |a Trung tâm Học liệu Trường Đại học Cần Thơ | ||